I'll certify that (Record no. 74228)

MARC details
000 -LEADER
fixed length control field 01102cab a2200217 4500
001 - CONTROL NUMBER
control field ABS67493
008 - FIXED-LENGTH DATA ELEMENTS--GENERAL INFORMATION
fixed length control field 040304n2004 000 0 eng u
035 ## - SYSTEM CONTROL NUMBER
System control number (Sirsi) u125321
100 ## - MAIN ENTRY--PERSONAL NAME
Personal name Ambrose, J.
245 ## - TITLE STATEMENT
Title I'll certify that
260 ## - PUBLICATION, DISTRIBUTION, ETC.
Date of publication, distribution, etc. 2004
490 ## - SERIES STATEMENT
Series statement RICS Building Surveying Faculty: The Journal
Volume/sequential designation (9) January/February 2004, 16-17(2)
520 ## - SUMMARY, ETC.
Summary, etc. Reports on the up-to-date situation regarding self-build certificates. Points out that the existing building certificate is out-of-date but still useful. A new version is being prepared by the RICS Building Certificate of Domestic Structures Working Party, for production in summer 2004. The certificate can be used to assure mortgage lenders that a new or recently built property is of a satisfactory structural standard. The working party aims to get the new certificate approved by the Council of Mortgage Lenders.
590 ## - LOCAL NOTE (RLIN)
Local note ABS
650 ## - SUBJECT ADDED ENTRY--TOPICAL TERM
Topical term or geographic name entry element CERTIFICATES
650 ## - SUBJECT ADDED ENTRY--TOPICAL TERM
Topical term or geographic name entry element SELF BUILD
650 ## - SUBJECT ADDED ENTRY--TOPICAL TERM
Topical term or geographic name entry element MORTGAGE LENDERS
650 ## - SUBJECT ADDED ENTRY--TOPICAL TERM
Topical term or geographic name entry element COUNCIL OF MORTGAGE LENDERS
690 ## - LOCAL SUBJECT ADDED ENTRY--TOPICAL TERM (OCLC, RLIN)
Topical term or geographic name as entry element BUILT ENVIRONMENT-BUILDING INSPECTION
942 ## - ADDED ENTRY ELEMENTS (KOHA)
Suppress in OPAC 0
Holdings
Withdrawn status Lost status Source of classification or shelving scheme Damaged status Not for loan Home library Current library Shelving location Date acquired Total Checkouts Full call number Barcode Date last seen Copy number Price effective from Koha item type
    Dewey Decimal Classification     London London Journal article 04/03/2004   ABS67493 125321-1001 06/08/2019 1 06/08/2019 Journal article